Statistics for 2021-2022 NBA top 20 in Assists Per Game

Click here to take the quiz!

General Stats

  • This quiz has been taken 66 times
  • The average score is 13 of 20

Answer Stats

HintAnswer% Correct
2646Chris Paul
96%
13404Stephen Curry
93%
4585James Harden
89%
7522Russell Westbrook
89%
10492Luka Dončić
87%
1649Trae Young
84%
6540Nikola Jokić
80%
14404Jrue Holiday
76%
9499LaMelo Ball
75%
3606Dejounte Murray
73%
11437Kyle Lowry
71%
16375Ja Morant
67%
8515Darius Garland
60%
17374Marcus Smart
58%
12433D'Angelo Russell
56%
15404Fred VanVleet
56%
5550Tyrese Haliburton
53%
19358Cole Anthony
35%
18359Julius Randle
25%
20355Jalen Brunson
15%

Score Distribution

Percentile by Number Answered

Percent of People with Each Score

Your Score History

You have not taken this quiz